LEADER 01257nam 2200409 450 001 9910466980303321 005 20200615105030.0 010 $a1-83982-168-X 035 $a(CKB)4100000010555588 035 $a(MiAaPQ)EBC6134602 035 $a(EXLCZ)994100000010555588 100 $a20200615d2020 uy 0 101 0 $aeng 135 $aurcnu|||||||| 181 $ctxt$2rdacontent 182 $cc$2rdamedia 183 $acr$2rdacarrier 200 12$aA brief history of credit in UK higher education $elaying siege to the ivory tower /$fWayne Turnbull 210 1$aBingley, England :$cEmerald Publishing,$d[2020] 210 4$dİ2020 215 $a1 online resource (xiii, 152 pages) 225 1 $aGreat debates in higher education 311 $a1-83982-171-X 320 $aIncludes bibliographical references and index. 410 0$aGreat debates in higher education. 606 $aCollege credits 608 $aElectronic books. 615 0$aCollege credits. 676 $a378.1616 700 $aTurnbull$b Wayne$0908272 801 0$bMiAaPQ 801 1$bMiAaPQ 801 2$bMiAaPQ 906 $aBOOK 912 $a9910466980303321 996 $aA brief history of credit in UK higher education$92031423 997 $aUNINA LEADER 01519nam 2200385Ia 450 001 996385308703316 005 20200824132719.0 035 $a(CKB)4940000000072662 035 $a(EEBO)2240865025 035 $a(OCoLC)ocm10776058e 035 $a(OCoLC)10776058 035 $a(EXLCZ)994940000000072662 100 $a19840525d1695 uy | 101 0 $aeng 135 $aurbn||||a|bb| 200 12$aA treatise of English particles$b[electronic resource] $eshewing much of the variety of their significations and uses in English and how to render them into Latine according to the propriety and elegancy of the language : with a praxis upon the same /$fby William Walker, formerly Master of Louth School and of the Free-School in Grantham 205 $aThe eleventh edition. 210 $aLondon $cPrinted by J.H. for Edward Pawlett$d1695 215 $a[14], 461, [46] p. $cill 300 $aAdded engraved t.p. 300 $aIncludes index. 300 $aReproduction of original in the University of Illinois (Urbana-Champaign Campus). Library. 330 $aeebo-0167 606 $aEnglish language$xParticles 606 $aEnglish language$xTranslating into Latin 615 0$aEnglish language$xParticles. 615 0$aEnglish language$xTranslating into Latin. 700 $aWalker$b William$f1623-1684.$01002630 801 0$bUMI 801 1$bUMI 801 2$bWaOLN 906 $aBOOK 912 $a996385308703316 996 $aA treatise of English particles$92301510 997 $aUNISA